| 000 | 00432 a2200157 4500 | ||
|---|---|---|---|
| 003 | OSt | ||
| 005 | 20240206152418.0 | ||
| 008 | 240206b |||||||| |||| 00| 0 eng d | ||
| 040 | _cOCLC | ||
| 082 |
_a894.812301 _bHAP/V |
||
| 245 | _aViswothara Prethakadhakal / | ||
| 250 | _a2nd ed. | ||
| 260 |
_aKOCHI: _bHAPPY BOOKS, _c2019. |
||
| 300 | _a162P. | ||
| 942 |
_2ddc _cBK _h894.812301 _iHAP/V _k894.812301 _mHAP/V |
||
| 999 |
_c44329 _d44329 |
||